000 00676nam a2200253Ia 4500
003 IIN
005 20251124121823.0
008 231217s9999 xx 000 0 und d
020 _cRs.495.00
_a9789352700318
040 _aIIN
_bEnglish
082 _a616.07
_bNAY
100 1 _aNayak, Ramadas
245 1 _aTextbook of Pathology & Genetics for Nurses
_cby Ramadas Nayak, Sharada Rai and Astha Gupta
250 _a2nd ed
260 _bJaypee
_aNew Delhi
_c2017
300 _axxi, 427 p.
500 _aIncludes Index
650 1 _aPathology
650 1 _aGenetics
653 _aPharma
700 1 _aRai, Sharada
700 1 _aGupta, Astha
942 _cBOOK
999 _c979
_d979